Turbulence (Record no. 5373)

000 -LEADER
fixed length control field 00511nam a2200205 i 4500
001 - CONTROL NUMBER
control field 5373
003 - CONTROL NUMBER IDENTIFIER
control field BD-DhUET
008 - FIXED-LENGTH DATA ELEMENTS--GENERAL INFORMATION
fixed length control field 750220s1975 nyua b 001 0 eng
020 ## - INTERNATIONAL STANDARD BOOK NUMBER
International Standard Book Number 0070290377
040 ## - CATALOGING SOURCE
Original cataloging agency DLC
Transcribing agency DLC
Modifying agency BD-DhUET
082 00 - DEWEY DECIMAL CLASSIFICATION NUMBER
Classification number 532.56
Item number HIN/1975
100 1# - MAIN ENTRY--PERSONAL NAME
Personal name Hinze, J. O.
245 00 - TITLE STATEMENT
Title Turbulence
250 ## - EDITION STATEMENT
Edition statement 2nd ed.
260 ## - PUBLICATION, DISTRIBUTION, ETC. (IMPRINT)
Place of publication, distribution, etc. New York
Name of publisher, distributor, etc. McGraw-Hill
Date of publication, distribution, etc. 1975
300 ## - PHYSICAL DESCRIPTION
Extent x,790p.
Other physical details ill.
Dimensions 24 cm.
490 0# - SERIES STATEMENT
Series statement McGraw-Hill series in mechanical engineering
650 #0 - SUBJECT ADDED ENTRY--TOPICAL TERM
Topical term or geographic name as entry element Turbulence
942 ## - ADDED ENTRY ELEMENTS (KOHA)
Koha item type General Book
Holdings
Koha normalized classification for sorting Withdrawn status Not for loan Location (home branch) Copy number Lost status Koha date last borrowed Date acquired Source of classification or shelving scheme Koha date last seen Damaged status Koha item type Shelving location Price effective from Sublocation or collection (holding branch) Koha full call number Piece designation (barcode) Koha issues (times borrowed)
532_560000000000000_HIN_1975  Central Library, BUET1  2014-11-26 2014-11-26 General BookCirculation section2014-11-26Central Library, BUET532.56/HIN/197563813 
532_560000000000000_HIN_1975  Central Library, BUET2  2014-11-26 2014-11-26 General BookCirculation section2014-11-26Central Library, BUET532.56/HIN/197563816 
532_560000000000000_HIN_1975  Central Library, BUET3  2014-12-07 2014-12-07 General BookCirculation section2014-12-07Central Library, BUET532.56/HIN/197544334 
532_560000000000000_HIN_1975  Central Library, BUET4  2014-12-07 2014-12-07 General BookCirculation section2014-12-07Central Library, BUET532.56/HIN/197563807 
532_560000000000000_HIN_1975  Central Library, BUET5 2015-03-252014-12-07 2015-03-29 General BookCirculation section2014-12-07Central Library, BUET532.56/HIN/1975638121
532_560000000000000_HIN_1975  Central Library, BUET6  2014-12-07 2014-12-07 General BookCirculation section2014-12-07Central Library, BUET532.56/HIN/197563805 
532_560000000000000_HIN_1975  Central Library, BUET7  2014-12-07 2014-12-07 General BookCirculation section2014-12-07Central Library, BUET532.56/HIN/197563810 
532_560000000000000_HIN_1975  Central Library, BUET8  2014-12-07 2014-12-07 General BookCirculation section2014-12-07Central Library, BUET532.56/HIN/197563808 
532_560000000000000_HIN_1975  Central Library, BUET9  2014-12-07 2014-12-07 General BookCirculation section2014-12-07Central Library, BUET532.56/HIN/197563809 
532_560000000000000_HIN_1975  Central Library, BUET10 2022-11-142014-12-07 2023-02-28 General BookCirculation section2014-12-07Central Library, BUET532.56/HIN/1975638061
532_560000000000000_HIN_1975  Central Library, BUET11 2015-05-262014-12-07 2015-09-14 General BookCirculation section2014-12-07Central Library, BUET532.56/HIN/1975638151
532_560000000000000_HIN_1975  Central Library, BUET12  2015-03-09 2015-03-09 General BookCirculation section2015-03-09Central Library, BUET532.56/HIN/197539158 
532_560000000000000_HIN_1975  Central Library, BUET13  2015-06-07 2015-06-07 Reading ItemReading section2015-06-07Central Library, BUET532.56/HIN/197558968 
532_560000000000000_HIN_1975  Central Library, BUET14  2015-06-07 2015-06-07 Reading ItemReading section2015-06-07Central Library, BUET532.56/HIN/197560653 
532_560000000000000_HIN_1975  Central Library, BUET15  2015-06-23 2015-06-23 Reading ItemReading section2015-06-23Central Library, BUET532.56/HIN/197552729 
532_560000000000000_HIN_1975  Central Library, BUET16 2024-11-271985-06-29 2024-11-27 General BookCirculation section2024-11-16Central Library, BUET532.56 HIN/1975638111
532_560000000000000_HIN_1975  Central Library, BUET   2024-11-16 2024-11-16 General Book 2024-11-16Central Library, BUET532.56 HIN/1975  
532_560000000000000_HIN_1975  Central Library, BUET18  2025-09-03 2024-11-16 General BookCirculation section2024-11-16Central Library, BUET532.56 HIN/197539159